000
00303nam a2200121Ia 4500
008
190216s9999||||xx |||||||||||||| ||und||
100
_a
Rajagopalan.R
245
0
_a
Second Book On Computer Science
260
_b
Tata Mcgraw Hill Publishing Company Ltd
300
_a
83
650
_a
Computer
942
_c
BK
999
_c
8448
_d
8448